Introduction to electrodynamics / (Record no. 8243)
[ view plain ]
| 000 -LEADER | |
|---|---|
| fixed length control field | 01587cam a2200361 i 4500 |
| 001 - CONTROL NUMBER | |
| JCCL Control Number | 8243 |
| 003 - CONTROL NUMBER IDENTIFIER | |
| JCCL marc code | BD-JhCC |
| 005 - DATE AND TIME OF LATEST TRANSACTION | |
| control field | 20220804134023.0 |
| 008 - FIXED-LENGTH DATA ELEMENTS--GENERAL INFORMATION | |
| fixed length control field | 180718s2010 mau b 001 0 eng |
| 020 ## - INTERNATIONAL STANDARD BOOK NUMBER | |
| International Standard Book Number | 8120316010 |
| 035 ## - SYSTEM CONTROL NUMBER | |
| system control number | (BD-JhCC)8243 |
| 035 ## - SYSTEM CONTROL NUMBER | |
| system control number | (OCoLC)822972321 |
| 035 ## - SYSTEM CONTROL NUMBER | |
| system control number | (OCoLC)842387334 |
| 035 ## - SYSTEM CONTROL NUMBER | |
| system control number | NHCCYBP |
| 035 ## - SYSTEM CONTROL NUMBER | |
| system control number | NHCCYBP |
| 040 ## - CATALOGING SOURCE | |
| Original cataloging agency | DLC |
| Description conventions | rda |
| Transcribing agency | DLC |
| Modifying agency | YDX |
| -- | BTCTA |
| -- | YDXCP |
| -- | BWX |
| -- | SINIE |
| -- | UKMGB |
| -- | CUS |
| -- | OCLCF |
| -- | COO |
| -- | CDX |
| -- | OCLCO |
| -- | ZCU |
| -- | OCLCQ |
| -- | U9X |
| -- | CDN |
| -- | BD-JhCC |
| 041 ## - LANGUAGE CODE | |
| Language code of Book | eng |
| 050 00 - LIBRARY OF CONGRESS CALL NUMBER | |
| Classification number | QC680.G74 2013 |
| 082 00 - DEWEY DECIMAL CLASSIFICATION NUMBER | |
| Classification number | 537.6 |
| DDC Edition number | 23 |
| Author mark and Year | GRI 2010 |
| 100 1# - MAIN ENTRY--PERSONAL NAME | |
| Personal name | Griffiths, David J. |
| Fuller form of name | (David Jeffery), |
| Dates associated with a name | 1942- |
| 245 10 - TITLE STATEMENT | |
| Title | Introduction to electrodynamics / |
| Statement of responsibility, etc | David J. Griffiths, Reed College. |
| 250 ## - EDITION STATEMENT | |
| Edition statement | 3rd ed. |
| 260 ## - PUBLICATION, DISTRIBUTION, ETC. (IMPRINT) | |
| Place of publication, distribution, etc | New Delhi : |
| Name of publisher, distributor, etc | Prentice-Hall, |
| 300 ## - PHYSICAL DESCRIPTION | |
| Pagination | xviii, 599 pages ; |
| Dimensions | 24 cm |
| 504 ## - BIBLIOGRAPHY, ETC. NOTE | |
| Bibliography, etc | Includes bibliographical references and index. |
| 505 0# - FORMATTED CONTENTS NOTE | |
| Formatted contents note | Vector Analysis -- Electrostatics -- Potentials -- Electrostatic Fields in Matter -- Magnetostatics -- Magnetic Fields in Matter -- Electrodynamics -- Conservation Laws -- Electromagnetic Waves -- Potentials and Fields -- Radiation -- Electrodynamics and Relativity -- Vector Calculus in Curvilinear Coordinates -- Helmholtz Theorem. |
| 520 8# - SUMMARY, ETC. | |
| Summary, etc | Griffiths presents a clear accessible coverage of the fundamentals of electrodynamics, enhanced with discussion points, examples and exercises. |
| 650 #0 - SUBJECT ADDED ENTRY--TOPICAL TERM | |
| Topical term or geographic name as entry element | Electrodynamics |
| Form subdivision | Textbooks. |
| 655 #7 - | |
| Genre/form data or focus term | Textbooks. |
| Source of term | fast |
| 942 ## - ADDED ENTRY ELEMENTS (KOHA) | |
| Source of classification or shelving scheme | Dewey Decimal Classification |
| Koha item type | Books |
| Koha issues (borrowed), all copies | 2 |
| 949 #0 - LOCAL PROCESSING INFORMATION (OCLC) | |
| a | Y |
| b | PHY |
| c | STACK |
| o | 0 |
| p | 39080037595201 |
| x | 02 |
| h | QC680.G74 2013 |
| Source of classification or shelving scheme | Damaged status | Not for loan | Home library | Current library | Shelving location | Date of accession | Total Checkouts | Full call number | Barcode | Checked out | Date last seen | Date checked out | Copy number | Koha item type |
|---|---|---|---|---|---|---|---|---|---|---|---|---|---|---|
| Dewey Decimal Classification | JCC Rouf Library | JCC Rouf Library | General Stacks | 05/28/2023 | 2 | 537.6 GRI 2013 | 10830 | 03/01/2026 | 02/03/2026 | 02/03/2026 | C - 1 | Books |